000 00665nam a22002297a 4500
005 20170124105942.0
010 _aA-245056
020 _c00.00
035 _aA-245056
037 _bCen Lib/Ret
040 _aDPL
_bEN
082 _a309.23
_bSEV
245 _aSeventh plan perspective /
_cedited by Malcolm S. Adiseshiah
260 _aNew Delhi
_bLancer International Centre
_c1985
270 _bNew Delhi
_e110017
300 _aviii, 328p.
_c21cm(Hb)
500 _aIncludes index
650 _aPlanning & development
_911524
650 _aSeventh plan
_911525
700 _aAdiseshiah, Malcolm S.
_911526
942 _2ddc
_cEN
_h309.23
_mSEV
999 _c124664
_d124664